Biblioteca

El gran libro : Narraciones bíblicas / Anne de Vries; Diego Zijlstra, Traductor (Registro nro. 38186)

Detalles MARC
000 -LÍDER
Campo fijo de descripción fija 006290000a22001810004500
041 0# - CÓDIGO DE IDIOMA
Código de idioma para texto/pista de sonido o título separado
082 04 - NÚMERO DE CLASIFICACIÓN DECIMAL DEWEY
Número de clasificación G 268.321 D514g
001 - NÚMERO DE CONTROL
Campo de control 7987
100 1# - ASIENTO PRINCIPAL--NOMBRE PERSONAL
Nombre personal Vries, Anne de
245 10 - TÍTULO
Título del Material El gran libro : Narraciones bíblicas / Anne de Vries; Diego Zijlstra, Traductor
260 ## - PUBLICACIÓN, DISTRIBUCIÓN, ETC. (PIE DE IMPRENTA)
Lugar de publicación, distribución, etc. Buenos Aires, Argentina : Junta Bautista
336 ## - CONTENT TYPE
Content type term texto
Content type code txt
Source rdacontent
337 ## - MEDIA TYPE
Source rdamedia
Media type term sin mediación
Media type code n
338 ## - CARRIER TYPE
Source rdacarrier
Carrier type term volumen
Carrier type code nc
500 ## - NOTA GENERAL
Nota General Título original : Groot vertelboek voor de bijbelse geschiedenis
505 00 - NOTA DE CONTENIDO
Nota de contenido con formato preestablecido Tomo I : El Antiguo Testamento, 307 Pag. Tomo II : El Nuevo Testamento, 286 Pag
942 ## - TIPO DE MATERIAL (KOHA)
Tipo de Item KOHA Libros General
Existencias
Estado de Material Estado de Perdido Estado de Dañado No para Préstamo Colección Tomo Biblioteca de Origen Biblioteca Permanente Fecha de Adquisición Total de Préstamos Signatura Topográfica Código de Barras Última vez visto Ejemplar/Existencia Fecha de Remplazo Tipo de Material
        Colección General 1 Biblioteca FUSBC Biblioteca FUSBC 12/01/2005   G 268.321 D514g 6462 12/03/2024 1 26/01/2016 Libros General
        Colección General 2 Biblioteca FUSBC Biblioteca FUSBC 12/01/2005   G 268.321 D514g 6463 12/12/2019 1 26/01/2016 Libros General

Biblioteca FUSBC | Teléfono: (57+4) 349 88 10 Ext. 141| WhatsApp (+57) 3005338115 
E-mail: biblioteca@unisbc.edu.co | Calle 76 87-14 Robledo Palenque, Medellín, Colombia

Con tecnología Koha